Nueva teoría del delito. causas de justificación / Tomo 10 :
Guardado en:
| Autor Principal: | |
|---|---|
| Formato: | Libro |
| Idioma: | Spanish |
| Publicado: |
Azul :
Voluntarismo Penal,
2014.
|
| Edición: | 1a. ed. |
| Materias: | |
| Etiquetas: |
Agregar Etiqueta
Sin Etiquetas, Sea el primero en etiquetar este registro!
|
| LEADER | 00626nam a22001695a 4500 | ||
|---|---|---|---|
| 001 | DER.der014011 | ||
| 008 | 190909s2014####ag############000#0#spa#d | ||
| 005 | 20250703160710.0 | ||
| 245 | 1 | 0 | |a Nueva teoría del delito. |n Tomo 10 : |b causas de justificación / |c Carlos P. Pagliere (h). |
| 250 | |a 1a. ed. | ||
| 260 | |a Azul : |b Voluntarismo Penal, |c 2014. | ||
| 300 | |a 210 p. | ||
| 500 | |a Deber jurídico. Facultades legales. Obediencia debida. Legitima defensa. Necesidad y racionalidad. Exceso. | ||
| 020 | |a 9789873350467 | ||
| 100 | 1 | |a Pagliere, Carlos P. (h) | |
| 650 | 7 | |a DERECHO PENAL | |
| 859 | |a DERECHO |b BIB. DERECHO |h 345 |i PAG |p 009226 |3 Tomo X | ||
